BIBLIOTECA

SENCICO

Enciclopedia de la construcción : (Registro nro. 2843)

Detalles MARC
000 -LEADER
fixed length control field 02460nam a2200409Ia 4500
003 - CONTROL NUMBER IDENTIFIER
control field PE SENCICO BE
005 - DATE AND TIME OF LATEST TRANSACTION
control field 20260219162618.0
008 - FIXED-LENGTH DATA ELEMENTS--GENERAL INFORMATION
fixed length control field 200515s9999 xx 000 0 und d
020 ## - INTERNATIONAL STANDARD BOOK NUMBER
International Standard Book Number 84-7841-009-0 (OBRA COMPLETA)
040 ## - CATALOGING SOURCE
Original cataloging agency PE SENCICO BE
Transcribing agency PE SENCICO BE
041 ## - LANGUAGE CODE
Language code of text/sound track or separate title spa
082 ## - DEWEY DECIMAL CLASSIFICATION NUMBER
Classification number R 690
Item number M43 1990
100 1# - MAIN ENTRY--PERSONAL NAME
Personal name Merritt, Frederick S.
9 (RLIN) 121
Relator term autor
245 10 - TITLE STATEMENT
Title Enciclopedia de la construcción :
Remainder of title arquitectura e ingeniería /
Statement of responsibility, etc. Frederick s. Merrit
250 ## - EDITION STATEMENT
Edition statement 4a ed.
260 ## - PUBLICATION, DISTRIBUTION, ETC.
Place of publication, distribution, etc. Barcelona :
Name of publisher, distributor, etc. Grupo Editorial Oceano ;
Date of publication, distribution, etc. 1990
300 ## - PHYSICAL DESCRIPTION
Extent volúmenes :
Other physical details tablas, gráficos ;
Dimensions 26 cm.
505 0# - FORMATTED CONTENTS NOTE
Formatted contents note Sistemas de construcción -- Arquitectura: negocio, arte, profesión -- Protección de estructuras y sus ocupantes contra siniestros -- Materiales de construcción -- Teoría estructural -- Mecánica de suelos y cimentación -- Construcción con madera -- Construcción con acero estructural -- Construcción con acero formado en frío -- Construcción en concreto -- Diseño racional con obra de albañilería -- Muros, tabiques y acabados interiores -- Ventanas -- Puertas -- Techumbres -- Herrajes para la construcción -- Acústica -- Calefacción, ventilación y acondicionamiento de aire -- Fontanería: sistemas de suministro de agua, rociadores automáticos contra incendios y drenaje de aguas de desecho -- Energía eléctrica -- Iluminación -- Circulación vertical -- Levantamientos -- Cálculo de costos de construcción -- Administración de construcciones -- Especificaciones
520 3# - SUMMARY, ETC.
Summary, etc. Describe de manera particular los principios fundamentales y su aplicación práctica, dedicando especial atención a los procedimientos simplificados. Ofrece también información detallada sobre las técnicas y procedimientos mas modernos y presenta los más recientes avances en el campo del diseño y de la construcción
650 10 - SUBJECT ADDED ENTRY--TOPICAL TERM
Topical term or geographic name entry element Construcción
9 (RLIN) 339
650 20 - SUBJECT ADDED ENTRY--TOPICAL TERM
Topical term or geographic name entry element Construcciones de madera
9 (RLIN) 340
650 20 - SUBJECT ADDED ENTRY--TOPICAL TERM
Topical term or geographic name entry element Construcciones metálicas
9 (RLIN) 341
650 20 - SUBJECT ADDED ENTRY--TOPICAL TERM
Topical term or geographic name entry element Materiales de construcción
9 (RLIN) 308
650 20 - SUBJECT ADDED ENTRY--TOPICAL TERM
Topical term or geographic name entry element Asfalto
9 (RLIN) 342
650 20 - SUBJECT ADDED ENTRY--TOPICAL TERM
Topical term or geographic name entry element Arquitectura
9 (RLIN) 343
650 20 - SUBJECT ADDED ENTRY--TOPICAL TERM
Topical term or geographic name entry element Diseño de estructuras
9 (RLIN) 344
650 20 - SUBJECT ADDED ENTRY--TOPICAL TERM
Topical term or geographic name entry element Mecánica de suelos
9 (RLIN) 345
650 20 - SUBJECT ADDED ENTRY--TOPICAL TERM
Topical term or geographic name entry element Metales
9 (RLIN) 311
650 20 - SUBJECT ADDED ENTRY--TOPICAL TERM
Topical term or geographic name entry element Madera
9 (RLIN) 310
650 20 - SUBJECT ADDED ENTRY--TOPICAL TERM
Topical term or geographic name entry element Muros
9 (RLIN) 346
650 20 - SUBJECT ADDED ENTRY--TOPICAL TERM
Topical term or geographic name entry element Plásticos
9 (RLIN) 313
650 20 - SUBJECT ADDED ENTRY--TOPICAL TERM
Topical term or geographic name entry element Aglomerantes
9 (RLIN) 347
650 20 - SUBJECT ADDED ENTRY--TOPICAL TERM
Topical term or geographic name entry element Recubrimientos
9 (RLIN) 348
650 20 - SUBJECT ADDED ENTRY--TOPICAL TERM
Topical term or geographic name entry element Vidrios
9 (RLIN) 314
710 1# - ADDED ENTRY--CORPORATE NAME
Corporate name or jurisdiction name as entry element Grupo Editorial Oceano
9 (RLIN) 122
942 ## - ADDED ENTRY ELEMENTS (KOHA)
Koha item type Libros
Source of classification or shelving scheme Dewey Decimal Classification
Existencias
Fecha de la última vez que lo usaron Número de ingreso o de inventario Pago total Signatura topográfica completa Código de barras Precio efectivo desde Tipo de documento Estado perdido Sistema de clasificación Estado dañado No es para préstamo Retirado Ubicación permanente Ubicación actual Fecha de adquisición
01/12/2025     R/690/M43/1990/v. 1 BibZareq25122520 01/12/2025 Referencia   Dewey Decimal Classification       Biblioteca Arequipa Biblioteca Arequipa 01/12/2025
01/12/2025     R/690/M43/1990/v. 2 BibZareq25122521 01/12/2025 Referencia   Dewey Decimal Classification       Biblioteca Arequipa Biblioteca Arequipa 01/12/2025
01/12/2025     R/690/M43/1990/v. 3 BibZareq25122522 01/12/2025 Referencia   Dewey Decimal Classification       Biblioteca Arequipa Biblioteca Arequipa 01/12/2025
01/12/2025     R/690/M43/1990/v. 4 BibZareq25122523 01/12/2025 Referencia   Dewey Decimal Classification       Biblioteca Arequipa Biblioteca Arequipa 01/12/2025
01/12/2025     R/690/M43/1990/v. 5 BibZareq25122524 01/12/2025 Referencia   Dewey Decimal Classification       Biblioteca Arequipa Biblioteca Arequipa 01/12/2025
01/12/2025     R/690/M43/1990/v. 6 BibZareq25122525 01/12/2025 Referencia   Dewey Decimal Classification       Biblioteca Arequipa Biblioteca Arequipa 01/12/2025
15/05/2020 3133   R/690/M43/1990/v. 1 BibLima25122514 15/05/2020 Referencia   Dewey Decimal Classification       Biblioteca Central Lima Biblioteca Central Lima 15/05/2020
01/12/2025 3134   R/690/M43/1990/v. 2 BibLima25122515 01/12/2025 Referencia   Dewey Decimal Classification       Biblioteca Central Lima Biblioteca Central Lima 06/04/1990
01/12/2025 3135   R/690/M43/1990/v. 3 BibLima25122516 01/12/2025 Referencia   Dewey Decimal Classification       Biblioteca Central Lima Biblioteca Central Lima 06/04/1990
01/12/2025 3136   R/690/M43/1990/v. 4 BibLima25122517 01/12/2025 Referencia   Dewey Decimal Classification       Biblioteca Central Lima Biblioteca Central Lima 06/04/1990
01/12/2025 3137   R/690/M43/1990/v. 5 BibLima25122518 01/12/2025 Referencia   Dewey Decimal Classification       Biblioteca Central Lima Biblioteca Central Lima 06/04/1990
01/12/2025 3138   R/690/M43/1990/v. 6 BibLima25122519 01/12/2025 Referencia   Dewey Decimal Classification       Biblioteca Central Lima Biblioteca Central Lima 06/04/1990